Kultura mluveného slova /
Původní EP album 0 39 0568 "Kultura mluveného slova" vydal Supraphon v roce 1978 - nyní titul vychází poprvé digitálně. Úvod k příkladům z řečnické praxe (PhDr. Jarmila Vrchotová-Pátová, CSc.) Není pochyb o tom, že již při verbálním kritickém popisu nedostatků hlasového projevu bude s naší...
Uloženo v:
| Hlavní autor: | |
|---|---|
| Další autoři: | , , |
| Médium: | E-audiokniha |
| Vydáno: |
Praha :
Supraphon a.s.,
2026
|
| Tagy: |
Žádné tagy |
| LEADER | 02663nim a22002657i 4500 | ||
|---|---|---|---|
| 001 | 302369 | ||
| 007 | sr nunnnnnnned | ||
| 024 | |a 859692544530 | ||
| 044 | |a xr | ||
| 100 | 1 | |a Vondrovic, Tomáš |4 aut | |
| 245 | 1 | 0 | |a Kultura mluveného slova / |c Vondrovic, Tomáš |
| 264 | 1 | |a Praha : |b Supraphon a.s., |c 2026 | |
| 300 | |a 1 online zdroj (11 min., 55 sek.) | ||
| 336 | |a mluvené slovo |b spw |2 rdacontent | ||
| 337 | |a audio |b s |2 rdamedia | ||
| 338 | |a online zdroj |b cr |2 rdacarrier | ||
| 505 | 0 | 0 | |t Kultura mluveného slova. Příklady z řečnické praxe (11 min., 55 sek.) |
| 520 | 2 | |a Původní EP album 0 39 0568 "Kultura mluveného slova" vydal Supraphon v roce 1978 - nyní titul vychází poprvé digitálně. Úvod k příkladům z řečnické praxe (PhDr. Jarmila Vrchotová-Pátová, CSc.) Není pochyb o tom, že již při verbálním kritickém popisu nedostatků hlasového projevu bude s naší kritikou každý souhlasit. Popis však nemusí být vždy plně výstižný a také ne každý má v tomto směru dostatečně rozvinutou fantazií; konečně ne každý si uvědomuje svůj vlastní hlasový projev – a tím méně je těch, kteří by z pouhého slovního poučení byli schopni svůj projev zdokonalit. Proto nejvýraznější a nejpřesvědčivější je živá ukázka, a to jak nedostatků a chyb, tak i příkladů správného mluvního projevu. Z těchto důvodů vznikla i tato gramofonová deska. Nemůže samozřejmě obsahovat ukázky vyčerpávajícím způsobem, neboť například zvuková technika nemá pro některé příklady plasticitu skutečně živé – nereprodukované ukázky (je to například dynamika a její krajní odstíny – fortissimo nebo pianissimo, kterými mohou řečníci své posluchače buď otupit nebo uspat). Ukázky nezachycují ani příklady „ráčkování“ nebo vadné sykavky. Tuto vadu výslovnosti lze odstranit v kterémkoli věku, a to pomocí logopeda. Zároveň však musíme objektivně připustit, že vynikajícímu řečníku-pedagogovi, působícímu sugestivně i myšlenkovým nábojem, bude vadné „r“ nebo vadné „s“ dozajista prominuto. Texty, na nichž jsou ukázky provedeny, jsou vybrány ze skript. | |
| 700 | 1 | |a Baginský, Milan |4 nrt | |
| 700 | 1 | |a Vrchotová, Jarmila |4 nrt | |
| 700 | 1 | |a Šrámek, Jiří |4 nrt | |
| 910 | |a RBIT002 | ||
| 998 | |d 426748 |a https://core.palmknihy.cz/api/books/426748/cover?telfst |b https://core.palmknihy.cz/api/books/426748/cover/400?telfst |c https://core.palmknihy.cz/api/books/426748/cover/50?telfst |e 2026-08-29 |i 859692544530 |l 715 |q 49 |r 1 |s https://www.palmknihy.cz/kniha/426748 |t audiobook |y 2026 |z 1 | ||
| 999 | |d 302367 | ||